Statistics for History by Letter - Q

Click here to take the quiz!

General Stats

  • This quiz has been taken 56,991 times
  • The average score is 10 of 17

Answer Stats

HintAnswer% Correct
Possibly Canada's oldest cityQuebec City
91%
Central religious text of IslamQuran
90%
Branch of physics that showed "God plays dice"{Quantum} mechanics
87%
Predecessor to the penQuill
87%
A container for holding arrowsQuiver
79%
Religious movement of which William Penn was a memberQuaker
74%
Country that became independent from Britain in 1971Qatar
73%
Chivalric don created by Miguel de CervantesQuixote
73%
China's last dynastyQing
65%
Vice President to George H. W. BushDan Quayle
56%
Anti-malarial that European colonists put into their tonic waterQuinine
51%
Word for "bog" that was used to describe U.S. involvement in VietnamQuagmire
50%
Feathered serpent god of MesoamericaQuetzalcoatl
36%
President of the Philippines from 1935–1944 who is the namesake of metro Manila's
most populous city
Manuel L. Quezon
25%
Norwegian leader who infamously collaborated with the NazisVidkun Quisling
24%
Cheap, semicircular hut built by the US Navy in WWIIQuonset hut
14%
Roman office-holder who managed state financesQuaestor
12%

Score Distribution

Percentile by Number Answered

Percent of People with Each Score

Your Score History

You have not taken this quiz